[Event "Northumberland-ch Sell"]
[Site "Northumberland"]
[Date "2019.03.04"]
[Round "5"]
[White "Laws, Darren C"]
[Black "Seeber, Martin"]
[Result "0-1"]
[WhiteElo "159"]
[BlackElo "156"]
[PlyCount "76"]
[EventDate "2018.10.27"]
[EventType "swiss"]
[EventRounds "7"]
[EventCountry "ENG"]
[SourceTitle "EXT 2020"]
[Source "ChessBase"]
[SourceDate "2019.10.17"]
[SourceVersion "1"]
[SourceVersionDate "2019.10.17"]
[SourceQuality "1"]

1. e4 c6 2. d4 d5 3. e5 Bf5 4. h4 h5 5. Bd3 Bxd3 6. Qxd3 e6 7. Bg5 Qa5+ 8. Nd2 Ne7 9. Ngf3 Qa6 10. Qb3 Nd7 11. c3 Nf5 12. Qc2 Be7 13. b3 g6 14. Bxe7 Kxe7 15. c4 b6 16. 0-0 Rac8 17. Rac1 Rhd8 18. Rfe1 Kf8 19. Nf1 Qb7 20. Qd2 Kg7 21. Ne3 Nxe3 22. Qxe3 Nf8 23. g4 hxg4 24. Nh2 Nd7 25. h5 Rh8 26. hxg6 fxg6 27. Nxg4 dxc4 28. bxc4 c5 29. d5 exd5 30. Qg5 Rcf8 31. e6 dxc4 32. Kf1 Rh1+ 33. Ke2 Rxe1+ 34. Rxe1 Qe4+ 35. Ne3 Qxe6 36. Rh1 Rh8 37. Rxh8 Kxh8 38. Qd8+ Kg7 0-1

[Event "BCF-chT3N 1112 (4NCL)"]
[Site "England"]
[Date "2011.11.13"]
[Round "2"]
[White "Armstrong, William G"]
[Black "Seeber, Martin"]
[Result "1/2-1/2"]
[WhiteElo "1915"]
[BlackElo "1874"]
[PlyCount "110"]
[EventDate "2011.11.12"]
[EventType "team-tourn"]
[EventRounds "6"]
[EventCountry "ENG"]
[SourceTitle "EXT 2013"]
[Source "ChessBase"]
[SourceDate "2012.11.22"]
[SourceVersion "1"]
[SourceVersionDate "2012.11.22"]
[SourceQuality "1"]
[WhiteTeam "Cheddleton II"]
[BlackTeam "North East England"]
[WhiteTeamCountry "ENG"]
[BlackTeamCountry "ENG"]

1. e4 c5 2. Nf3 g6 3. d4 cxd4 4. Nxd4 Nc6 5. Be3 Bg7 6. c3 Nf6 7. Nd2 0-0 8. Be2 d5 9. Nxc6 bxc6 10. e5 Nd7 11. f4 f6 12. exf6 exf6 13. 0-0 Re8 14. Bd4 Qc7 15. Bf3 Bb7 16. g3 c5 17. Bf2 Nb6 18. Nb3 Bf8 19. Qd2 Rad8 20. Rae1 Kh8 21. Rxe8 Rxe8 22. Re1 Rxe1+ 23. Qxe1 c4 24. Qe8 Qe7 25. Qxe7 Bxe7 26. Na5 Ba8 27. Bd4 Kg7 28. Kf2 Kf7 29. Ke3 Ke6 30. g4 f5 31. h3 Bd6 32. gxf5+ gxf5 33. Kf2 Kd7 34. Kg3 Bc6 35. Nxc6 Kxc6 36. Bd1 Kb5 37. b4 cxb3 38. axb3 Nc8 39. Bc2 Kc6 40. Bd3 Nb6 41. Ba6 h5 42. h4 Kd7 43. c4 dxc4 44. bxc4 Bc7 45. Be3 Ke7 46. Kf3 Kd7 47. Ke2 Bd8 48. Bb5+ Ke7 49. Kd3 a5 50. Kd4 Ke6 51. Bf2 a4 52. Kc3 a3 53. Kb3 Nc8 54. Be8 Nd6 55. Bxh5 a2 1/2-1/2